|
|
|
|
| LEADER |
01311nam a2200349 a 4500 |
| 001 |
40125 |
| 003 |
BD-DhAAL |
| 008 |
221123t1990 nyua b 001 0 eng d |
| 999 |
|
|
|c 45079
|d 45079
|
| 010 |
|
|
|a 89013055
|
| 020 |
|
|
|a 0071007091
|
| 020 |
|
|
|a 9780071007092
|
| 020 |
|
|
|a 0075572923
|
| 020 |
|
|
|a 0070194602 (instructor's manual)
|
| 040 |
|
|
|a DLC
|c DLC
|d DLC
|d BD-DhAAL
|
| 050 |
0 |
0 |
|a HA29
|b .E482 1990
|
| 082 |
0 |
0 |
|a 519.5
|2 20
|
| 100 |
1 |
|
|a Elifson, Kirk W.,
|d 1943-
|9 52513
|
| 245 |
1 |
0 |
|a Fundamentals of social statistics /
|c Kirk W. Elifson, Richard P. Runyon, and Audrey Haber.
|
| 250 |
|
|
|a Second edition.
|
| 260 |
|
|
|a New York :
|b McGraw-Hill,
|c c1990.
|
| 300 |
|
|
|a xiii, 574 pages :
|b illustrations ;
|c 25 cm.
|
| 504 |
|
|
|a Includes bibliographical references (pages 519-524) and index.
|
| 541 |
|
|
|a Donated By Akbar Ali Khan
|e 40125
|
| 650 |
|
0 |
|a Social sciences
|x Statistical methods.
|9 52514
|
| 650 |
|
0 |
|a Statistics.
|9 52515
|
| 650 |
|
0 |
|a Mathematics.
|9 52516
|
| 700 |
1 |
|
|a Runyon, Richard P.
|9 52517
|
| 700 |
1 |
|
|a Haber, Audrey.
|9 52518
|
| 852 |
|
|
|a Ayesha Abed Library
|c Akbar Ali Khan Collection
|
| 942 |
|
|
|2 ddc
|c BK
|
| 952 |
|
|
|0 0
|1 0
|2 ddc
|4 0
|6 519_500000000000000_ELI
|7 1
|9 72391
|a BRACUL
|b BRACUL
|c CS1
|d 2022-11-23
|e Donated by Akbar Ali Khan
|l 0
|o 519.5 ELI
|p 3010040125
|r 2022-11-23
|t 1
|w 2022-11-23
|y BK
|